| 000 | 01128nam a2200265 u 4500 | ||
|---|---|---|---|
| 999 |
_c7929 _d7929 |
||
| 001 | 991061176876706706 | ||
| 003 | OSt | ||
| 005 | 20240905144202.0 | ||
| 008 | s2021 xx r 000 0 cat d | ||
| 020 | _a9788419206084 | ||
| 040 |
_bcat _cCDMR |
||
| 100 |
_aLevi, Simona _94964 |
||
| 245 |
_aDigitalització democràtica _b: sobirania digital per a les persones _c/ Simona Levi |
||
| 260 |
_aBarcelona : _bRaig Verd, _c2024 |
||
| 300 | _a230 pàgines | ||
| 490 |
_aCiclogènesi _v; 34 |
||
| 505 | _aObra basada en el treball de la mateixa autora publicat el 2021: Proposal for a Sovereign and Democratic Digitalisation of Europe (en línia a https://op.europa.eu/en/publication-detail/-/publication/dae77969-7812-11ec-9136-01aa75ed71a1) | ||
| 650 | 0 |
_93508 _aTecnologia de la informació _xAspectes socials |
|
| 650 | 0 |
_93364 _aTecnologia de la informació _xAspectes polítics |
|
| 650 | 0 |
_94283 _aTecnologia de la informació _xDret i legislació |
|
| 650 | 0 |
_93902 _aInternet _xAspectes socials |
|
| 650 | 0 |
_93904 _aInternet _xAspectes polítics |
|
| 650 | 0 |
_94160 _aInternet _xDret i legislació |
|
| 942 |
_2udc _cMON |
||